Think C1 Workbook 5

Spremljeno u:
Bibliografski detalji
Glavni autor: Puchta, Herbert
Daljnji autori: Stranks, Jeff, Jones, Peter Lewis
Format: Knjiga
Jezik:English
Izdano: New York Cambridge University Press 2018
Teme:
Oznake: Dodaj oznaku
Bez oznaka, Budi prvi tko označuje ovaj zapis!
Thư viện lưu trữ: Trung tâm Học liệu Lê Vũ Hùng, Trường Đại học Đồng Tháp
LEADER 00766pam a22002538a 4500
001 00045061
005 20191018111056.0
008 170516s2009 ||||||engsd
020 # # |a 9781108618298  |c 185000 
041 0 # |a eng 
082 1 4 |a 428  |b TH312C 
100 # # |a Puchta, Herbert 
245 1 0 |c Herbert Puchta, Jeff Stranks, Peter Lewis-Jones  |a Think C1  |b Workbook 5 
260 # # |a New York  |b Cambridge University Press  |c 2018 
300 # # |a 128 tr.  |c 29 cm 
653 # # |a Luyện thi 
653 # # |a Tự học 
653 # # |a Tiếng Anh 
653 # # |a Ngôn ngữ 
700 # # |a Stranks, Jeff 
700 # # |a Jones, Peter Lewis 
852 # # |j KD.0026441 
910 # # |d 18/10/2019 
980 # # |a Trung tâm Học liệu Lê Vũ Hùng, Trường Đại học Đồng Tháp